Les plus gros partenaires commerciaux - Israël - Statistiques

Statistiques générales
  • Ce quiz a été pris 380 fois
  • Le résultat moyen est 14 sur 19
Statistiques - réponses
exportations importations pays % Correct
18.1 bil 8.09 bil Etats-Unis
100%
1.69 bil 1.61 bil France
99%
8.56 bil 7.81 bil Chine
93%
1.44 bil 3.81 bil Allemagne
91%
0.85 bil 2.49 bil Italie
91%
3.99 bil 2.27 bil Royaume-Uni
91%
0.79 bil 1.35 bil Espagne
90%
0.77 bil 1.20 bil Japon
85%
2.25 bil 1.88 bil Inde
82%
1.70 bil 2.45 bil Turquie
79%
0.74 bil Brésil
75%
2.49 bil 3.27 bil Belgique
74%
2.15 bil 2.42 bil Pays-Bas
72%
1.14 bil Corée du Sud
69%
1.50 bil 4.43 bil Suisse
66%
1.30 bil Irlande
43%
0.80 bil Taïwan
43%
1.79 bil Viêt Nam
32%
1.42 bil Malaisie
25%
Aucun quiz correspondant
Distribution des résultats
% des personnes avec chaque résultat
Percentile par nombre de réponses
Votre historique - résultats
Vous n’avez pas pris ce quiz